A Master plan to bloster Indian rubber industry (Record no. 53380)

MARC details
000 -LEADER
fixed length control field 00359nam a2200145Ia 4500
100 ## - MAIN ENTRY--AUTHOR NAME
Personal name George C M
245 #2 - TITLE STATEMENT
Title A Master plan to bloster Indian rubber industry
260 ## - PUBLICATION, DISTRIBUTION, ETC. (IMPRINT)
Name of publisher Rubber Asia
Year of publication 2003
300 ## - PHYSICAL DESCRIPTION
Number of Pages 49-53
650 ## - SUBJECT ADDED ENTRY--TOPICAL TERM
Topical Term Consumption
650 ## - SUBJECT ADDED ENTRY--TOPICAL TERM
Topical Term NR yield
650 ## - SUBJECT ADDED ENTRY--TOPICAL TERM
Topical Term Rubber industry
942 ## - ADDED ENTRY ELEMENTS (KOHA)
Koha item type Journals
Holdings
Withdrawn status Lost status Damaged status Not for loan Home library Current library Shelving location Date acquired Serial Enumeration / chronology Koha item type
      Journals RRII Library RRII Library Agricultural economics 24/04/2003 Volume 17, Issue 2 Journals